000 01012nam a2200253 i 4500
001 98483
003 ES-MaACL
005 20250722094002.0
007 t|
008 050919s1867 fr a |||| | fre d
080 _a741.5(091)
100 1 _aWright, Thomas.
_9117423
245 1 0 _aHistoire de la caricature et du grotesque dans la littérature et dans l'art /
_cpar Thomas Wright ; traduite avec l'approbation de l'auteur par Octave Sachot ; éditée par Amédée Pichot, précedée d'une notice de l'éditeur et illustrée de... gravures... dessinées... par F. W. Fairholt.
260 _aParis :
_bBureau de la Revue Britannique,
_c1867.
300 _aXXXV, 457 p. :
_bil. ;
_c24 cm.
650 4 _aCaricatura.
_910777
650 4 _aGrotesco-
_xEn el arte.
_9169379
650 0 4 _aGrotesco-
_xEn la literatura.
_913164
700 1 _aSachot, Octave.
_9101246
700 1 _aPichot, Amédée,
_d1795-1877
_991840
700 1 _aFairholt, F. W.
_948660
852 _aES-MaACL
_jR-3406
999 _c98483
_d98483